Les Pokémon de la 4G - Statistiques

Statistiques générales
  • Ce quiz a été pris 211 fois
  • Le résultat moyen est 69 sur 107
Statistiques - réponses
Numéro Nom % Correct
390 Ouisticram
97%
395 Pingoléon
96%
394 Prinplouf
96%
392 Simiabraz
96%
393 Tiplouf
96%
387 Tortipouss
96%
391 Chimpenfeu
94%
389 Torterra
94%
398 Étouraptor
93%
396 Étourmi
93%
397 Étourvol
93%
483 Dialga
90%
484 Palkia
90%
388 Boskara
89%
482 Créfadet
89%
480 Créhelf
89%
487 Giratina
88%
481 Créfollet
86%
403 Lixy
85%
404 Luxio
85%
405 Luxray
85%
493 Arceus
83%
491 Darkrai
81%
443 Griknot
81%
486 Regigigas
81%
445 Carchacrok
79%
444 Carmache
79%
488 Cresselia
79%
399 Keunotor
79%
400 Castorno
78%
448 Lucario
78%
447 Riolu
76%
466 Élekable
75%
467 Maganon
74%
492 Shaymin
74%
419 Mustéflott
71%
409 Charkos
69%
485 Heatran
69%
490 Manaphy
69%
418 Mustébouée
69%
410 Dinoclier
68%
489 Phione
68%
407 Roserade
68%
408 Kranidos
67%
429 Magirêve
67%
468 Togekiss
67%
411 Bastiodon
65%
432 Chaffreux
65%
431 Chaglam
65%
471 Givrali
65%
412 Cheniti
64%
464 Rhinastoc
64%
442 Spiritomb
64%
413 Cheniselle
63%
402 Mélokrik
63%
470 Phyllali
63%
430 Corboss
61%
401 Crikzik
61%
475 Gallame
61%
416 Apireine
57%
437 Archéodong
57%
425 Baudrive
57%
426 Grodrive
57%
462 Magnézone
57%
478 Momartik
57%
406 Rozbouton
57%
472 Scorvol
57%
473 Mammochon
56%
415 Apitrini
54%
434 Moufouette
54%
414 Papilord
54%
436 Archéomire
53%
460 Blizzaroi
53%
459 Blizzi
53%
461 Dimoret
53%
440 Ptiravi
53%
465 Bouldeneu
51%
446 Goinfrex
50%
479 Motisma
50%
435 Moufflair
50%
477 Noctunoir
50%
474 Porygon-Z
50%
456 Écayon
49%
449 Hippopotas
49%
427 Laporeille
49%
428 Lockpin
49%
417 Pachirisu
49%
423 Tritosor
47%
469 Yanmega
47%
450 Hippodocus
46%
457 Luminéon
46%
439 Mime Jr.
46%
422 Sancoki
46%
452 Drascore
44%
451 Rapion
44%
455 Vortente
44%
458 Babimanta
43%
463 Coudlangue
43%
476 Tarinorme
43%
454 Coatox
42%
453 Cradopaud
42%
433 Korillon
42%
438 Manzaï
42%
441 Pijako
40%
424 Capidextre
39%
420 Ceribou
36%
421 Ceriflor
35%
Aucun quiz correspondant
Distribution des résultats
% des personnes avec chaque résultat
Percentile par nombre de réponses
Votre historique - résultats
Vous n’avez pas pris ce quiz